| 000 | 00000nam##2200000za#4500 |
| 001 | 9.570530 |
| 003 | CaOODSP |
| 005 | 20210624182301 |
| 007 | cr ||||||||||| |
| 008 | 150406|2005||||xxc|||||o f|0| 0 eng|d |
| 022 | |a1919-5087 |
| 040 | |aCaOODSP|beng |
| 043 | |an-cn--- |
| 086 | 1 |aFs70-6/2005-027E-PDF |
| 110 | 1 |aCanada. |bDepartment of Fisheries and Oceans. |bQuebec Region. |
| 245 | 10|aSnow crab of the estuary and northern Gulf of St. Lawrence (areas 13 to 17 and 12A, 12B and 12C) in 2004 |h[electronic resource] |
| 260 | |aDartmouth - Nova Scotia : |bFisheries and Oceans Canada. |cMay 2005. |
| 300 | |a21p.|bgraphs, illus., map, references |
| 490 | 1 |aCanadian Science Advisory Secretariat science advisory report |x1919-5087|v2005/027, Quebec Region |
| 590 | |a11-11-Supp|b2011-07-13 |
| 775 | 08|tCrabe des neiges de l'estuaire et du nord du golfe du Saint-Laurent (zones 13 à 17 et 12A, 12B et 12C) en 2004 |w(CaOODSP)9.601177 |
| 830 | #0|aScience advisory report (Canadian Science Advisory Secretariat)|x1919-5087|v2005/027, Quebec Region|w(CaOODSP)9.506226 |
| 856 | 40|ahttp://publications.gc.ca|qPDF|s364 KB|uhttps://publications.gc.ca/collections/collection_2011/mpo-dfo/Fs70-6-2005-027-eng.pdf|y2005/027, Quebec Region |